Tâm lý học và Giáo dục học : Nhà tâm lý học lớn giải đáp các vấn đề về giáo dục /

Đã lưu trong:
Bibliografiske detaljer
Hovedforfatter: Piaget, Jean
Format: Bog
Sprog:Vietnamese
Udgivet: Giáo dục 1999
Tags: Tilføj Tag
Ingen Tags, Vær først til at tagge denne postø!
Thư viện lưu trữ: Mạng thư viện Đại học Đà Nẵng
LEADER 00739nam a2200265 4500
001 000028098
003 PI-J99
005 20150403120000.0
008 150403s vm 000 vie
020 |c 0,0000 
040 |a notts 
100 |a Piaget, Jean 
245 |a Tâm lý học và Giáo dục học : Nhà tâm lý học lớn giải đáp các vấn đề về giáo dục /  |c Jean Piaget ; Trần Nam Lương, Phùng Đệ, Lê Thi dịch. 
260 |b Giáo dục  |c 1999 
OWN |a LTT 
999 |a From the UDN01 
TYP |a Monograph 
TYP |a Printed language 
980 |a Mạng thư viện Đại học Đà Nẵng